000 00915nas a2200301 4500
001 BR2015006242
003 BR-BrBNA
005 20231205125909.0
007 ta
008 230509b bl.|||p| |||| 00| 00por d
040 _aBR-BrBNA
_bpor
_cBiblioteca Nacional de Agricultura
041 _a(Pt)
072 _aF01
100 1 _aNogueira, R.E.
100 1 _aPereira, O.L.
100 1 _aKasuya, M.C.M.
100 1 _aLanna, M.C. da S.
100 1 _aMendonça, M.P.
245 1 _aFungos micorrízicos associados a orquídeas em campos rupestres na região do Quadrilátero Ferrífero, MG, Brasil
650 _aFUNGO
650 _aORQUIDEA
650 _aSIMBIOSE
650 _aMICORRIZA
650 _aMINAS GERAIS
773 0 _tActa Botânica Brasílica (Brazil)
_xISSN 0102-3306
_g(Jul-Sep 2005), v. 19(3) p. 417-424
_wBR2015006242
909 _a202311
_bLúcia
_c55
_dLúcia Elande
942 _2AGRIS
_n0
_cANA
999 _c246760
_d246760